| 000 | 01414cam a22002771i 4500 | ||
|---|---|---|---|
| 003 | SA-RiAUC | ||
| 005 | 20241103123722.0 | ||
| 008 | 241030s2011____sy f 000 0 ara c | ||
| 040 |
_aSA-JeALM _bara _cSA-RiAUC _erda |
||
| 082 | 0 | 4 |
_a251 _qSA-RiAUC |
| 090 | _a251 ا د ر | ||
| 100 | 1 |
_aالإدريسي، أحمد فرحان دبوان _eمحقق. |
|
| 245 | 1 | 0 |
_aشرح ذريعة الوصول إلى اقتباس زبد الوصول للإمام محمد بن أبي بكر الأشخر اليمني الزبيدي، ت 991 هـ. : _bتحقيق ودراسة / _cإعداد أحمد فرحان ديوان قائد الإدريسي. |
| 250 | _aالطبعة الأولى. | ||
| 264 | 1 |
_aدمشق : _bمؤسسة الرسالة ناشرون، _c2011 |
|
| 300 |
_a888 صفحة ؛ _c24 سم |
||
| 336 |
_aنص _btxt _2rdacontent _3كتاب |
||
| 337 |
_aبدون وسيط _bn _2rdamedia |
||
| 338 |
_aمجلد _bnc _2rdacarrier |
||
| 500 | _aالأصل أطروحة ماجستير في الفقه الإسلامي-جامعة أم القرى، 1406 هـ. | ||
| 650 | 7 |
_aأصول الفقه الإسلامي _2aucsh |
|
| 700 | 1 | 2 |
_aالأشخر، محمد بن أبي بكر، _d945-991 هجري. _tذريعة الوصول إلى اقتباس زبد الوصول. |
| 740 | 0 | 2 | _aذريعة الوصول إلى اقتباس زبد الوصول. |
| 942 |
_2ddc _cBOOK _n0 |
||
| 949 |
_aSA-JeALM _d241030 _umohamedma123 _n1 |
||
| 999 |
_c1997 _d1997 |
||